[Event "Hull 4NCL op-B"]
[Site "Hull"]
[Date "2023.09.10"]
[Round "5"]
[White "Nezis, Anastasios"]
[Black "Ganti, Shriaansh"]
[Result "0-1"]
[WhiteElo "1909"]
[BlackElo "1501"]
[PlyCount "64"]
[EventDate "2023.09.08"]
[EventType "swiss"]
[EventRounds "5"]
[EventCountry "ENG"]
[SourceTitle "EXT 2024"]
[Source "ChessBase"]
[SourceDate "2023.10.10"]
[SourceVersion "1"]
[SourceVersionDate "2023.10.10"]
[SourceQuality "1"]

1. e4 e6 2. d3 c5 3. Nf3 d5 4. Nbd2 Nc6 5. g3 g6 6. Bg2 Nge7 7. 0-0 Bg7 8. c3 0-0 9. Re1 b6 10. Qc2 Bb7 11. Nf1 Rc8 12. h4 d4 13. Bg5 h6 14. Bf4 e5 15. Bd2 a6 16. N1h2 b5 17. Qc1 Kh7 18. Ng4 Ng8 19. c4 b4 20. b3 Ra8 21. Bh3 Bc8 22. Kg2 Be6 23. Ngh2 Bxh3+ 24. Kxh3 Qd7+ 25. Kg2 f5 26. h5 gxh5 27. Nh4 Nce7 28. Qd1 Nf6 29. exf5 Nxf5 30. Qf3 Nxh4+ 31. gxh4 e4 32. dxe4 Ng4 0-1

[Event "Harrogate 4NCL op-C 29th"]
[Site "Harrogate"]
[Date "2023.01.22"]
[Round "4"]
[White "Mitchell, Ian WS"]
[Black "Ganti, Shriaansh"]
[Result "1/2-1/2"]
[WhiteElo "1598"]
[BlackElo "1598"]
[PlyCount "80"]
[EventDate "2023.01.20"]
[EventType "swiss"]
[EventRounds "5"]
[EventCountry "ENG"]
[SourceTitle "CBM 212 Extra"]
[Source "ChessBase"]
[SourceDate "2023.03.31"]
[SourceVersion "1"]
[SourceVersionDate "2023.03.31"]
[SourceQuality "1"]

1. d4 Nf6 2. c4 e6 3. Nc3 Bb4 4. Bd2 Bxc3 5. Bxc3 d5 6. e3 0-0 7. cxd5 exd5 8. Bd3 c6 9. h3 Re8 10. Nf3 Ne4 11. Qc2 Bf5 12. 0-0-0 a5 13. g4 Bg6 14. Ne5 b5 15. Nxg6 fxg6 16. Bxe4 Rxe4 17. Qe2 b4 18. Bd2 Nd7 19. f3 Re8 20. h4 Qb6 21. Qd3 Rac8 22. h5 g5 23. Qf5 Qd8 24. e4 h6 25. exd5 cxd5+ 26. Kb1 Nf6 27. Rc1 Qd7 28. Qxd7 Nxd7 29. Rxc8 Rxc8 30. Rc1 Rxc1+ 31. Kxc1 Kf7 32. f4 gxf4 33. Bxf4 Nf6 34. g5 hxg5 35. Bxg5 Nxh5 36. Bd8 Nf4 37. Kd2 Ne6 38. Bb6 Kf6 39. Ke3 g5 40. Bxa5 g4 1/2-1/2

[Event "Harrogate 4NCL op-C 29th"]
[Site "Harrogate"]
[Date "2023.01.21"]
[Round "2"]
[White "Wilson, Jeff"]
[Black "Ganti, Shriaansh"]
[Result "0-1"]
[WhiteElo "1455"]
[BlackElo "1598"]
[PlyCount "51"]
[EventDate "2023.01.20"]
[EventType "swiss"]
[EventRounds "5"]
[EventCountry "ENG"]
[SourceTitle "CBM 212 Extra"]
[Source "ChessBase"]
[SourceDate "2023.03.31"]
[SourceVersion "1"]
[SourceVersionDate "2023.03.31"]
[SourceQuality "1"]

1. e4 c6 2. d4 d5 3. exd5 cxd5 4. Nc3 Nc6 5. Nf3 Bg4 6. h3 Bxf3 7. Qxf3 e6 8. Bb5 Nf6 9. a3 h6 10. Be3 Bd6 11. 0-0 0-0 12. Ne2 Qb6 13. Bxc6 bxc6 14. b3 Rac8 15. Rfc1 Ne4 16. b4 a5 17. c4 Be7 18. c5 Qa6 19. Nc3 Nxc3 20. Rxc3 axb4 21. Rb3 Rb8 22. Bd2 Bf6 23. Qg4 Qc4 24. Rxb4 Rxb4 25. axb4 Bxd4 26. Be3 0-1